00331nam a22001337a 4500003000400000005001700004008004100021040000800062050001700070082001700087245004600104260003800150300000900188OSt20260409050935.0260409b |||||||| |||| 00| 0 eng d cDLC a248.4bR994G a248.4bR994G aGoing Thrugh The Dry Timescby James Ryle aEngland:bSovereign World,c2002. a94p.